| 000 | 01493nam0a2200313 4500 | ||
|---|---|---|---|
| 001 | RU\NLR\bibl\462623 | ||
| 005 | 20250623184344.0 | ||
| 021 |
_aRU _b2003-54165 _92628 |
||
| 035 | _a(NLR Aleph) 000456044 | ||
| 090 |
_a904155 _c904155 |
||
| 100 | _a20031120d2002 |||y0rusy50 ca | ||
| 101 | 0 | _arus | |
| 102 | _aRU | ||
| 105 | _aa ||||||||| | ||
| 200 | 1 |
_aАналитические методы электромагнитного контроля _eУчеб. пособие _fВ.А. Митрофанов _gМ-во образования Рос. Федерации, Яросл. гос. ун-т им. П.Г. Демидова |
|
| 210 |
_aЯрославль _cЯрГУ _d2002 |
||
| 215 |
_a64 с. _cил. _d21 |
||
| 313 | _aДефекотскопия | ||
| 320 | _aБиблиогр.: с. 61-62 (18 назв.) | ||
| 606 | 0 |
_aДефектоскопия _jРуководства, пособия и т.п. для высшей школы _xЭлектромагнитные методы _92328569 _3RU\NLR\auth\661392619 |
|
| 606 | 0 |
_aДефектоскопия _jУчебные издания для высших учебных заведений _xЭлектромагнитные методы _92328569 _3RU\NLR\auth\661392619 |
|
| 686 | _aЖ3-1с33я73-1 | ||
| 700 | 1 |
_aМитрофанов _bВ. А. _gВиктор Анатольевич _4070 |
|
| 801 | 0 |
_aRU _bNLR _c20031120 _gPSBO |
|
| 801 | 1 |
_aRU _bNLR _c20031120 |
|
| 830 | _aАвт. по кн. | ||
| 942 | _cBOOK | ||
| 980 | _aNB | ||